000 00424nam a2200145Ia 4500
008 230917s9999||||xx |||||||||||||| ||und||
040 _e143827
_aMAIN
041 _aEnglish
082 _a346.022 M896L
100 _aMukherjee, T.K.
245 0 _aLaw of contract with special reference to government contracts tenders and auctions;v2
260 _aAllahabad
_bPremier
_c2003
300 _acxcvi, 1204-2640 p.
942 _cBK
999 _c111309
_d111309